|
|
|
|
| LEADER |
00000nam1a2200000 4500 |
| 001 |
258005 |
| 005 |
20231101233244.0 |
| 035 |
|
|
|a (RuTPU)RU\TPU\book\280836
|
| 090 |
|
|
|a 258005
|
| 100 |
|
|
|a 20140422d1935 k y0rusy50 ca
|
| 101 |
0 |
|
|a rus
|c lat
|
| 102 |
|
|
|a RU
|
| 200 |
1 |
|
|a Десять книг о зодчестве
|e в 2-х тт.
|
| 210 |
|
|
|a Москва
|c Изд-во Всесоюзной академии архитектуры
|d 1935-1937
|
| 225 |
1 |
|
|a Классики теории архитектуры
|f Под общей ред. А. Г. Габричевского
|
| 700 |
|
1 |
|a Альберти
|b Л. Б.
|c итальянский ученый
|c архитектор
|f 1404-1472
|g Леон Баттиста
|2 stltpush
|3 (RuTPU)RU\TPU\pers\14093
|9 4561
|
| 801 |
|
1 |
|a RU
|b 63413507
|c 20140422
|
| 801 |
|
2 |
|a RU
|b 63413507
|c 20160129
|g RCR
|
| 942 |
|
|
|c BK
|